| 000 | 00895cam a2200241 4500 | ||
|---|---|---|---|
| 001 | D4592 | ||
| 008 | 090401t1971 xxu||||| |||| 00| 0 eng d | ||
| 035 | _a(Sirsi) u7889 | ||
| 041 | _aeng | ||
| 050 | _a690.24 | ||
| 110 |
_aUnited Kingdom _bDepartment of the Environment _9982 |
||
| 245 | _aThird National Building Maintenance Conference: papers. Sponsored jointly by the DOE and the journal Building Maintenance ... held at the Royal Garden Hotel, London on 2nd, 3rd and 4th November 1971. | ||
| 260 |
_aLondon _bDepartment of the Environment _c1971 |
||
| 300 | _aiii,214p. ; 30cm. | ||
| 350 | _a0 | ||
| 650 | _aBUILT ENVIRONMENT-BUILDING MAINTENANCE AND REFURBISHMENT | ||
| 650 | _aCONFERENCES | ||
| 650 | _aNATIONAL BUILDING MAINTENANCE CONFERENCE | ||
| 650 | _aOCCUPANCY COSTS | ||
| 690 | _aBUILDING AND CONSTRUCTION-REPAIRS AND MAINTENANCE | ||
| 942 | _n0 | ||
| 948 | _c04/03/1997 | ||
| 999 |
_c86454 _d86454 |
||